| Tag |
First Indicator |
Second Indicator |
Subfields |
| LEADER |
00000cam a2200000 a 4500 |
| 001 |
in00002761007 |
| 005 |
20151202171203.0 |
| 008 |
110318s2012 mnu d 000 1 eng |
| 010 |
|
|
|a 2011009630
|
| 020 |
|
|
|a 9780761377559 (trade hard cover : alk. paper)
|
| 020 |
|
|
|a 0761377557 (trade hard cover : alk. paper)
|
| 029 |
1 |
|
|a NZ1
|b 14195235
|
| 035 |
|
|
|a (OCoLC)ocn721084987
|
| 035 |
|
|
|a (OCoLC)721084987
|
| 040 |
|
|
|a DLC
|b eng
|c DLC
|d IK2
|d JRS
|d BDX
|d EEK
|d YDXCP
|d UtOrBLW
|
| 042 |
|
|
|a lcac
|a pcc
|
| 049 |
|
|
|a TXAM
|
| 050 |
0 |
0 |
|a PZ7.W88713
|b Cat 2012
|
| 082 |
0 |
0 |
|a [Fic]
|2 22
|
| 100 |
1 |
|
|a Woolston, Blythe.
|
| 245 |
1 |
0 |
|a Catch & release /
|c Blythe Woolston.
|
| 246 |
3 |
|
|a Catch and release
|
| 264 |
|
1 |
|a Minneapolis :
|b Carolrhoda Lab,
|c [2012]
|
| 264 |
|
4 |
|c ©2012
|
| 300 |
|
|
|a 210 pages ;
|c 20 cm.
|
| 336 |
|
|
|a text
|b txt
|2 rdacontent
|
| 337 |
|
|
|a unmediated
|b n
|2 rdamedia
|
| 338 |
|
|
|a volume
|b nc
|2 rdacarrier
|
| 520 |
|
|
|a Eighteen-year-old Polly and impulsive, seventeen-year-old Odd survive an deadly outbreak of flesh-eating bacteria, but resulting wounds have destroyed their plans for the future and with little but their unlikely friendship and a shared affection for trout fishing, they set out on a road trip through the West.
|
| 650 |
|
1 |
|a Disfigured persons
|v Fiction.
|
| 650 |
|
1 |
|a Automobile travel
|v Fiction.
|
| 650 |
|
1 |
|a Fishing
|v Fiction.
|
| 650 |
|
1 |
|a Trout
|v Fiction.
|
| 650 |
|
1 |
|a Communicable diseases
|v Fiction.
|
| 651 |
|
1 |
|a West (U.S.)
|v Fiction.
|
| 650 |
|
0 |
|a Communicable diseases
|v Juvenile fiction.
|
| 650 |
|
0 |
|a Disfigured persons
|v Juvenile fiction.
|
| 650 |
|
0 |
|a Automobile travel
|v Juvenile fiction.
|
| 650 |
|
0 |
|a Fishing stories.
|
| 650 |
|
0 |
|a Trout
|v Juvenile fiction.
|
| 650 |
|
0 |
|a Western stories.
|
| 938 |
|
|
|a Brodart
|b BROD
|n 13662716
|c $17.95
|
| 938 |
|
|
|a YBP Library Services
|b YANK
|n 7640118
|
| 947 |
|
|
|a A14835734291
|
| 945 |
|
|
|a PromptCat
|b 908392
|
| 946 |
|
|
|a curr
|
| 994 |
|
|
|a 92
|b TXA
|
| 948 |
|
|
|a Cataloged
|b h
|c 2012/6/6
|d c
|e fambrosini
|
| 999 |
|
|
|a MARS
|
| 999 |
f |
f |
|s 6d43e006-cdc1-30e6-9245-fd5f0352609b
|i c965f329-0c5d-35f5-8c9d-38cf501d41a2
|t 0
|
| 952 |
f |
f |
|p ric
|a Texas A&M University
|b Rellis Campus
|c Joint Library Facility
|d Remote Storage
|t 0
|e PZ7.W88713 Cat 2012
|h Library of Congress classification
|i unmediated -- volume
|m A14835734291
|
| 998 |
f |
f |
|a PZ7.W88713 Cat 2012
|t 0
|l Remote Storage
|